01391 a2200229 4500003000500000005001700005010001700022020002300039040000900062082001400071100002200085245007700107260003700184300003400221505052200255650002000777700002000797856007800817856009800895856009000993856007801083Nust20220802110410.0 a 2002191031 a0471079359 (cloth) cNust00a620.5,POO1 aPoole, Charles P.10aIntroduction to Nanotechnology /cCharles P. Poole, Jr., Frank J. Owens. aHoboken, NJ :bJ. Wiley,cc2003. axii, 388 p. :bill. ;c22 cm. aIntroduction to Physics of the Solid State (Page-8), Methods of Measuring Properties (Page-35), Properties of Individual Nano particles (Page-72), Carbon Nano structures (Page-103), Bulk Nana structured Materials (Page-133), Nana structured Ferromagnetic (Page-165), Optical and Vibrational Spectroscopy (Page-194), Quantum Wells, Wires, and Dots (Page-226), Self-Assembly and Catalysis (Page-257), Organic Compounds and Polymers (Page-281), Biological Materials (Page-310), Nano machines and Nano devices (Page-332). 0aNanotechnology.1 aOwens, Frank J.423Book review (E-STREAMS)uhttp://www.e-streams.com/es0611/es0611_2837.html423Contributor biographical informationuhttp://www.loc.gov/catdir/bios/wiley043/2002191031.html423Publisher descriptionuhttp://www.loc.gov/catdir/description/wiley036/2002191031.html423Table of contentsuhttp://www.loc.gov/catdir/toc/wiley041/2002191031.html